Statistics for Countries where I dont want to live

Click here to take the quiz!

General Stats

  • This quiz has been taken 32 times
  • The average score is 7 of 15

Answer Stats

Country% Correct
5.North Korea
90%
1.Afghanistan
84%
2.Syria
84%
7.Iran
81%
8.Somalia
65%
15.Yemen
65%
9.Niger
61%
6.Central African Republic
45%
11.Mauritania
39%
10.Eritrea
35%
14.Bangladesh
29%
3.Malawi
26%
4.Eswatini
16%
13.Vatican City
13%
12.Tonga
10%

Score Distribution

Percentile by Number Answered

Percent of People with Each Score

Your Score History

You have not taken this quiz